Normal view
MARC view
Entry Personal Name
001 - CONTROL NUMBER
- control field: 25474
003 - CONTROL NUMBER IDENTIFIER
- control field: dpl
005 - DATE AND TIME OF LATEST TRANSACTION
- control field: 20110121150719.0
008 - FIXED-LENGTH DATA ELEMENTS
- fixed length control field: 110121|||a|||||| | ||| d
040 ## - CATALOGING SOURCE
- Original cataloging agency: dpl
- Transcribing agency: dpl
100 ## - HEADING--PERSONAL NAME
- Personal name: Sangit Mahabharati
670 ## - SOURCE DATA FOUND
- Source citation: Work cat.: (dpl): Sangit Mahabharati, The Oxford encyclopedia of the music of India /, 2011
670 ## - SOURCE DATA FOUND
- Source citation: Work cat.: (dpl): Sangit Mahabharati, The Oxford encyclopedia of the music of India /, 2011
